01287nam a2200181Ia 4500008004100000020001500041050002100056100003900077245011100116250001900227260003200246300001800278500013600296504003500432505058600467650002201053650003001075120626s1995 mx 000 0 spa d a9682452147 aHM261 bR57 1995 aRivadeneira Prada, Raúl eautor  aLa opinión públicab: análisis, estructura y métodos para su estudio c/ Raúl, Rivadeneira Prada a4a. edición  aMéxicob: Trillasc, 1995 a219 páginas aIncluye: Índice de contenido, Prefacio (pp. 5 - 27), Índice onomástico (pp. 215 - 216), Índice analítico (pp. 217 - 219)  aBibliografía (pp. 211 - 214) aSociabilidad y comunicación La necesidad de informarse La opinión pública en el proceso de la comunicación social Comunicación, participación social, democratización y medios alternativos La opinión pública y otras disciplinas La opinión pública a través de la historia La opinión pública a través de sus investigadores Formación de la opinión pública Formas de opiniones y actitudes Proceso de información periodística Los públicos Los grupos de opinión El control social Evaluación de actitudes y opiniones  aOPINION PÚBLICA aSOCIEDAD Y COMUNICACIÓN